33-岡山県の市町村クイズ - Statistics

General Stats
  • This quiz has been taken 2,262 times
    2,081 since last reset
  • The average score is 17 of 27
Answers on the Map
Answers color-coded by a green-red scale on the quiz's map according to % correct below.
 
Answer Stats
Answer % Correct
岡山おかやま
91%
倉敷くらしき
84%
津山つやま
74%
総社そうじゃ
71%
新見にいみ
71%
瀬戸内せとうち
69%
玉野たまの
69%
高梁たかはし
68%
笠岡かさおか
66%
西粟倉にしあわくらそん
65%
備前びぜん
65%
早島はやしまちょう
64%
真庭まにわ
63%
美作みまさか
62%
吉備中央きびちゅうおうちょう
61%
新庄しんじょうそん
61%
井原いばら
60%
鏡野かがみのちょう
59%
浅口あさくち
57%
里庄さとしょうちょう
57%
赤磐あかいわ
56%
和気わけちょう
52%
奈義なぎちょう
51%
勝央しょうおうちょう
50%
矢掛やかげちょう
50%
久米南くめなんちょう
49%
美咲みさきちょう
49%
No matching quizzes found
Score Distribution
Percent of People with Each Score
Percentile by Number Answered
Your Score History
You have not taken this quiz since the last reset